|
|
|
|
| LEADER |
01439nam a2200325 a 4500 |
| 001 |
15610371 |
| 008 |
100628s2009 dcua b i001 0 eng d |
| 010 |
|
|
|a 2009002202
|
| 020 |
|
|
|a 9780821377901
|
| 020 |
|
|
|a 0821377906
|
| 020 |
|
|
|a 9780821379141 (electronic)
|
| 020 |
|
|
|a 0821379143 (electronic)
|
| 040 |
|
|
|a DLC
|c DLC
|d BTCTA
|d YDXCP
|d C#P
|d BWX
|d CDX
|d UKM
|d DLC
|d BD-DhAAL
|
| 082 |
0 |
0 |
|a 338.3/727
|2 22
|
| 245 |
0 |
4 |
|a The sunken billions :
|b the economic justification for fisheries reform.
|
| 260 |
|
|
|a Washington, DC :
|b World Bank ;
|a Rome :
|b FAO,
|c c2009.
|
| 300 |
|
|
|a xxiii, 100 p. :
|b ill. ;
|c 23 cm.
|
| 490 |
1 |
|
|a Agriculture and rural development
|
| 504 |
|
|
|a Includes bibliographical references (p. 85-94) and index.
|
| 505 |
0 |
|
|a Global trends in fisheries -- The economic performance of world marine capture fisheries -- Estimate of net economic loss in the global marine fishery -- Results -- The way forward.
|
| 541 |
1 |
|
|e 00020461
|
| 650 |
|
0 |
|a Fishery management.
|
| 650 |
|
0 |
|a Fishery policy.
|
| 650 |
|
0 |
|a Intergovernmental cooperation.
|
| 710 |
2 |
|
|a World Bank.
|
| 710 |
2 |
|
|a Food and Agriculture Organization of the United Nations.
|
| 830 |
|
0 |
|a Agriculture and rural development series.
|
| 852 |
4 |
|
|a Ayesha Abed Library
|j General shelf
|
| 999 |
|
|
|c 9110
|d 9110
|
| 952 |
|
|
|0 0
|1 0
|2 ddc
|4 0
|6 338_372700000000000_SUN_2009
|7 0
|9 11351
|a BRACUL
|b BRACUL
|c GEN
|d 2010-06-29
|l 0
|o 338.3727 SUN
|p 3010020461
|r 2010-06-29
|t 1
|w 2010-06-29
|y BK
|